Geology and mineral resources of Haskell County, Oklahoma, (Record no. 28364)

MARC details
000 -LEADER
fixed length control field 01120cam a22002771 4500
001 - CONTROL NUMBER
control field gs 49000118
003 - CONTROL NUMBER IDENTIFIER
control field DLC
005 - DATE AND TIME OF LATEST TRANSACTION
control field 20260227111355.0
008 - FIXED-LENGTH DATA ELEMENTS--GENERAL INFORMATION
fixed length control field 780126s1948 okua 000 0 eng c
010 ## - LIBRARY OF CONGRESS CONTROL NUMBER
LC control number gs 49000118
035 ## - SYSTEM CONTROL NUMBER
System control number (OCoLC)3582773
040 ## - CATALOGING SOURCE
Original cataloging agency U.S. Geol. Survey. Library
Transcribing agency TxEU
Modifying agency DLC
-- WaU
050 00 - LIBRARY OF CONGRESS CALL NUMBER
Classification number QE158
Item number .A2 no. 67
082 ## - DEWEY DECIMAL CLASSIFICATION NUMBER
Classification number 553.
100 1# - MAIN ENTRY--PERSONAL NAME
Personal name Oakes, Malcolm C.
Fuller form of name (Malcolm Christie),
Dates associated with a name 1890-1977.
245 10 - TITLE STATEMENT
Title Geology and mineral resources of Haskell County, Oklahoma,
Statement of responsibility, etc. by Malcolm C. Oakes and M. M. Knechtel.
260 ## - PUBLICATION, DISTRIBUTION, ETC.
Place of publication, distribution, etc. Norman,
Date of publication, distribution, etc. 1948.
300 ## - PHYSICAL DESCRIPTION
Extent 134 p.
Other physical details illus., fold. plates (in pocket)
Dimensions 23 cm.
490 1# - SERIES STATEMENT
Series statement Bulletin / Oklahoma Geological Survey,
Volume/sequential designation no. 67
500 ## - GENERAL NOTE
General note Prepared in cooperation between the Oklahoma Geological Survey and the Geological Survey, U.S. Dept. of the Interior.
504 ## - BIBLIOGRAPHY, ETC. NOTE
Bibliography, etc. note Bibliographical footnotes.
650 #0 - SUBJECT ADDED ENTRY--TOPICAL TERM
Topical term or geographic name entry element Geology
Geographic subdivision Oklahoma
-- Haskell County.
650 #0 - SUBJECT ADDED ENTRY--TOPICAL TERM
Topical term or geographic name entry element Mines and mineral resources
Geographic subdivision Oklahoma
-- Haskell County.
700 1# - ADDED ENTRY--PERSONAL NAME
Personal name Knechtel, Maxwell M.
Fuller form of name (Maxwell McMichael),
Dates associated with a name 1897-
830 #0 - SERIES ADDED ENTRY--UNIFORM TITLE
Uniform title Bulletin (Oklahoma Geological Survey) ;
Volume/sequential designation 67.

No items available.

Powered by Koha